Ordelboek van den Etstoel van Drenthe; (Record no. 37555)

MARC details
000 -LEADER
fixed length control field 00573cam a22001697 4500
001 - CONTROL NUMBER
control field ltf91035602
003 - CONTROL NUMBER IDENTIFIER
control field DLC
005 - DATE AND TIME OF LATEST TRANSACTION
control field 20260227111552.0
008 - FIXED-LENGTH DATA ELEMENTS--GENERAL INFORMATION
fixed length control field 910402s1870 ne 000 0 dut
010 ## - LIBRARY OF CONGRESS CONTROL NUMBER
LC control number ltf91035602
040 ## - CATALOGING SOURCE
Original cataloging agency DLC
Transcribing agency DLC
Modifying agency DLC
050 00 - LIBRARY OF CONGRESS CALL NUMBER
Classification number LAW
110 1# - MAIN ENTRY--CORPORATE NAME
Corporate name or jurisdiction name as entry element Drenthe (Netherlands).
Subordinate unit Etstoel.
245 10 - TITLE STATEMENT
Title Ordelboek van den Etstoel van Drenthe;
Remainder of title eene verzameling van ordelen en verordeningen van den Drost en Etten van het Landschap Drenthe, van 1399-1518.
Statement of responsibility, etc. Uitg. door H. O. Feith.
260 ## - PUBLICATION, DISTRIBUTION, ETC.
Place of publication, distribution, etc. Groningen,
Name of publisher, distributor, etc. A. L. Scholtens,
Date of publication, distribution, etc. 1870.
300 ## - PHYSICAL DESCRIPTION
Extent 216 p.

No items available.

Powered by Koha